Les entraîneurs de Ligue 1 (2010-....) - Statistiques

Statistiques générales
  • Ce quiz a été pris 1 363 fois
    64 depuis la dernière actualisation
  • Le résultat moyen est 98 sur 246
Statistiques - réponses
Années Nationalité Entraîneur % Correct
Lyon 2022-2023 France Laurent Blanc
95%
Paris-SG 2013-2016 France Laurent Blanc
95%
Marseille 2026- Sénégal Habib Beye
93%
Rennes 2025-2026 Sénégal Habib Beye
93%
Lille 2017-2021 France Christophe Galtier
90%
Nice 2021-2022 France Christophe Galtier
90%
Paris-SG 2022-2023 France Christophe Galtier
90%
Saint-Etienne 2010-2017 France Christophe Galtier
90%
Marseille 2024-2026 Italie Roberto de Zerbi
90%
Dijon 2019 France Antoine Kombouaré
88%
Guingamp 2016-2018 France Antoine Kombouaré
88%
Lens 2014-2015 France Antoine Kombouaré
88%
Nantes 2021-2023 France Antoine Kombouaré
88%
Nantes 2024-2025 France Antoine Kombouaré
88%
Paris FC 2026- France Antoine Kombouaré
88%
Paris-SG 2010-2011 France Antoine Kombouaré
88%
Toulouse 2019-2020 France Antoine Kombouaré
88%
Lille 2022-2024 Portugal Paulo Fonseca
88%
Lyon 2025- Portugal Paulo Fonseca
88%
Lille 2024- France Bruno Génésio
85%
Lyon 2015-2019 France Bruno Génésio
85%
Rennes 2021-2023 France Bruno Génésio
85%
Paris-SG 2023- Espagne Luis Enrique
85%
Lille 2017 Argentine Marcelo Bielsa
83%
Marseille 2014-2015 Argentine Marcelo Bielsa
83%
Lens 2025- France Pierre Sage
83%
Lyon 2023-2025 France Pierre Sage
83%
Paris-SG 2011-2013 Italie Carlo Ancelotti
80%
Paris-SG 2018-2021 Allemagne Thomas Tuchel
80%
Marseille 2010-2012 France Didier Deschamps
78%
Marseille 2022-2023 Croatie Igor Tudor
78%
Paris-SG 2016-2018 Espagne Unai Emery
78%
Troyes 2017-2018 France Jean-Louis Garcia
76%
Paris-SG 2021-2022 Argentine Mauricio Pochettino
76%
Reims 2021-2022 Espagne Oscar Garcia
76%
Saint-Etienne 2017 Espagne Oscar Garcia
76%
Lille 2010-2013 France Rudi Garcia
76%
Lyon 2019-2021 France Rudi Garcia
76%
Marseille 2016-2019 France Rudi Garcia
76%
Lyon 2023 Italie Fabio Grosso
73%
Lens 2020-2024 France Franck Haise
73%
Nice 2024-2025 France Franck Haise
73%
Rennes 2026- France Franck Haise
73%
Marseille 2023-2024 Italie Gennaro Gattuso
73%
Monaco 2014-2018 Portugal Leonardo Jardim
71%
Monaco 2019 Portugal Leonardo Jardim
71%
Marseille 2021-2022 Argentine Jorge Sampaoli
68%
Rennes 2024-2025 Argentine Jorge Sampaoli
68%
Lens 2024-2025 Belgique Will Still
68%
Reims 2022-2024 Belgique Will Still
68%
Lyon 2010-2011 France Claude Puel
66%
Nice 2012-2016 France Claude Puel
66%
Nice 2025- France Claude Puel
66%
Saint-Etienne 2019-2021 France Claude Puel
66%
Lyon 2021-2022 Pays-Bas Peter Bosz
66%
Monaco 2023-2025 Autriche Adi Hütter
63%
Bordeaux 2020-2021 France Jean-Louis Gasset
63%
Marseille 2024 France Jean-Louis Gasset
63%
Montpellier 2017 France Jean-Louis Gasset
63%
Montpellier 2024-2025 France Jean-Louis Gasset
63%
Saint-Etienne 2017-2019 France Jean-Louis Gasset
63%
Brest 2022- France Eric Roy
61%
Nice 2010-2011 France Eric Roy
61%
Monaco 2018-2019 France Thierry Henry
61%
Marseille 2015-2016 Espagne Michel
59%
AC Ajaccio 2011-2012 France Olivier Pantaloni
59%
AC Ajaccio 2022-2023 France Olivier Pantaloni
59%
Lorient 2025- France Olivier Pantaloni
59%
Evian-TG 2012-2015 France Pascal Dupraz
59%
Saint-Etienne 2021-2022 France Pascal Dupraz
59%
Toulouse 2016-2018 France Pascal Dupraz
59%
Marseille 2023 Espagne Marcelino
56%
Brest 2021-2022 Arménie Michel Der Zakarian
56%
Montpellier 2017-2021 Arménie Michel Der Zakarian
56%
Montpellier 2023-2024 Arménie Michel Der Zakarian
56%
Nantes 2013-2016 Arménie Michel Der Zakarian
56%
Lyon 2019 Brésil Sylvinho
56%
Marseille 2019-2021 Portugal André Villas-Boas
54%
Lorient 2010-2014 France Christian Gourcuff
54%
Nantes 2019-2020 France Christian Gourcuff
54%
Rennes 2016-2017 France Christian Gourcuff
54%
Amiens 2017-2019 France Christophe Pélissier
54%
Auxerre 2023, 2024- France Christophe Pélissier
54%
Lorient 2020-2022 France Christophe Pélissier
54%
Marseille 2012-2013 France Elie Baup
54%
Lyon 2011-2014 France Rémi Garde
54%
Nantes 2018-2019 Bosnie-Herzégovine Vahid Halilhodzic
54%
Nantes 2026- Bosnie-Herzégovine Vahid Halilhodzic
54%
Bordeaux 2016-2018 France Jocelyn Gourvennec
51%
Guingamp 2014-2016 France Jocelyn Gourvennec
51%
Guingamp 2018-2019 France Jocelyn Gourvennec
51%
Lille 2021-2022 France Jocelyn Gourvennec
51%
Nantes 2023-2024 France Jocelyn Gourvennec
51%
Strasbourg 2024-2026 Angleterre Liam Rosenior
51%
Lille 2015-2016 France Frédéric Antonetti
49%
Metz 2020-2022 France Frédéric Antonetti
49%
Rennes 2010-2013 France Frédéric Antonetti
49%
Strasbourg 2023 France Frédéric Antonetti
49%
Evian-TG 2012 Uruguay Pablo Correa
46%
Nancy 2010-2011 Uruguay Pablo Correa
46%
Nancy 2016-2017 Uruguay Pablo Correa
46%
Clermont 2021-2024 France Pascal Gastien
46%
Lille 2013-2015 France René Girard
46%
Montpellier 2010-2013 France René Girard
46%
Nantes 2016 France René Girard
46%
Monaco 2025- Belgique Sébastien Pocognoli
46%
Lille 2017 France Franck Passi
44%
Marseille 2015 France Franck Passi
44%
Marseille 2016 France Franck Passi
44%
Monaco 2019 France Franck Passi
44%
Monaco 2020-2022 Croatie Niko Kovac
44%
Le Havre 2024- France Didier Digard
41%
Nice 2023 France Didier Digard
41%
Rennes 2018-2021 France Julien Stéphan
41%
Rennes 2023-2024 France Julien Stéphan
41%
Strasbourg 2021-2023 France Julien Stéphan
41%
Monaco 2013-2014 Italie Claudio Ranieri
39%
Nantes 2017-2018 Italie Claudio Ranieri
39%
Amiens 2019-2020 Slovénie Luka Elsner
37%
Le Havre 2023-2024 Slovénie Luka Elsner
37%
Reims 2024-2025 Slovénie Luka Elsner
37%
Brest 2019-2021 France Olivier Dall'Oglio
37%
Dijon 2016-2019 France Olivier Dall'Oglio
37%
Montpellier 2021-2022 France Olivier Dall'Oglio
37%
Saint-Etienne 2024 France Olivier Dall'Oglio
37%
Nice 2018-2020 France Patrick Vieira
37%
Strasbourg 2023-2024 France Patrick Vieira
37%
Nantes 2020-2021 France Raymond Domenech
37%
Angers 2015-2021 France Stéphane Moulin
37%
Auxerre 2011-2012 France Hubert Fournier
34%
Lyon 2014-2015 France Hubert Fournier
34%
Reims 2012-2014 France Hubert Fournier
34%
Marseille 2013-2014 France José Anigo
34%
Nice 2016-2018 Suisse Lucien Favre
34%
Nice 2022-2023 Suisse Lucien Favre
34%
Rennes 2013-2016 France Philippe Montanier
34%
Toulouse 2022-2023 France Philippe Montanier
34%
Valenciennes 2010-2011 France Philippe Montanier
34%
Montpellier 2013-2015 France Rolland Courbis
34%
Rennes 2016 France Rolland Courbis
34%
Angers 2023, 2024- France Alexandre Dujeux
32%
Angers 2021-2022 France Gérald Baticle
32%
Lille 2015 France Hervé Renard
32%
Sochaux 2013-2014 France Hervé Renard
32%
Auxerre 2022-2023 France Jean-Marc Furlan
32%
Troyes 2011-2012, 2015 France Jean-Marc Furlan
32%
Monaco 2022-2023 Belgique Philippe Clement
32%
Nantes 2016-2017 Portugal Sergio Conceiçao
32%
Lens 2011 Roumanie Laszlo Bölöni
29%
Metz 2023-2024 Roumanie Laszlo Bölöni
29%
Marseille 2021 Maroc Nasser Larguet
29%
Bordeaux 2021-2022 Suisse Vladimir Petkovic
29%
Nice 2023-2024 Italie Francesco Farioli
27%
Bordeaux 2018 Uruguay Gustavo Poyet
27%
AC Ajaccio 2012 France Alex Dupont
24%
Brest 2010-2012 France Alex Dupont
24%
Bordeaux 2011-2014 France Francis Gillot
24%
Sochaux 2010-2011 France Francis Gillot
24%
Auxerre 2010-2011 France Jean Fernandez
24%
Nancy 2011-2013 France Jean Fernandez
24%
Lorient 2022-2024 France Régis Le Bris
24%
Montpellier 2025 France Zoumana Camara
24%
Nantes 2025-2026 Maroc Ahmed Kantari
22%
Bastia 2014 France Claude Makélélé
22%
AC Ajaccio 2013 Italie Fabrizio Ravanelli
20%
Bordeaux 2010-2011 France Jean Tigana
20%
Toulouse 2023- Espagne Carles Martinez Novell
17%
Saint-Etienne 2024-2025 Norvège Eirik Horneland
17%
Bastia 2012-2014 France Frédéric Hantz
17%
Metz 2017-2018 France Frédéric Hantz
17%
Montpellier 2016-2017 France Frédéric Hantz
17%
Strasbourg 2026- Angleterre Gary O'Neil
17%
Bastia 2014-2016 France Ghislain Printant
17%
Saint-Etienne 2019 France Ghislain Printant
17%
Nantes 2025 Portugal Luis Castro
17%
Lorient 2014-2016 France Sylvain Ripoll
17%
Gazélec Ajaccio 2015-2016 France Thierry Laurey
17%
Strasbourg 2017-2021 France Thierry Laurey
17%
Bordeaux 2014-2016 France Willy Sagnol
17%
Monaco 2010-2011 France Guy Lacombe
15%
Troyes 2021-2022 France Laurent Batlles
15%
Toulouse 2010-2015 France Alain Casanova
12%
Toulouse 2018-2019 France Alain Casanova
12%
Troyes 2022 France Bruno Irles
12%
Auxerre 2012 France Jean-Guy Wallemme
12%
Lens 2010-2011 France Jean-Guy Wallemme
12%
Nantes 2018 Portugal Miguel Cardoso
12%
Caen 2014-2018 France Patrice Garande
12%
Bordeaux 2019-2020 Portugal Paulo Sousa
12%
Monaco 2019-2020 Espagne Robert Moreno
12%
Rennes 2017-2018 France Sabri Lamouchi
12%
Paris FC 2025-2026 France Stéphane Gilli
12%
Evian-TG 2011-2012 France Bernard Casoni
10%
Lorient 2016-2017 France Bernard Casoni
10%
Saint-Etienne 2017 France Julien Sablé
10%
Nantes 2023 France Pierre Aristouy
10%
AC Ajaccio 2012-2013 France Albert Emon
7%
Metz 2026- France Benoît Tavenot
7%
Nîmes 2018-2020 France Bernard Blaquart
7%
Brest 2012 France Corentin Martins
7%
Brest 2013 France Corentin Martins
7%
Bordeaux 2022 France David Guion
7%
Reims 2018-2021 France David Guion
7%
Toulouse 2015-2016 France Dominique Arribagé
7%
Caen 2018-2019 France Fabien Mercadal
7%
Bastia 2016-2017 France François Ciccolini
7%
Metz 2025-2026 France Stéphane Le Mignan
7%
Bordeaux 2016 France Ulrich Ramé
7%
Angers 2022-2023 France Abdel Bouhazama
5%
Nice 2020-2021 Roumanie Adrian Ursea
5%
Bordeaux 2011 France Eric Bedouet
5%
Bordeaux 2018-2019 France Eric Bedouet
5%
Arles-Avignon 2010-2011 Bosnie-Herzégovine Faruk Hadzibegic
5%
Caen 2010-2011 France Franck Dumas
5%
Reims 2014-2015 France Jean-Luc Vasseur
5%
Nîmes 2020-2021 France Jérôme Arpinon
5%
Brest 2012-2013 France Landry Chauvin
5%
Monaco 2011 France Laurent Banide
5%
Sochaux 2011-2012 Bosnie-Herzégovine Mehmed Bazdarevic
5%
Arles-Avignon 2010 France Michel Estevan
5%
Dijon 2011-2012 France Patrice Carteron
5%
Lille 2016-2017 France Patrick Collot
5%
Nantes 2020 France Patrick Collot
5%
Troyes 2022-2023 Australie Patrick Kisnorbo
5%
Metz 2016-2017 France Philippe Hinschberger
5%
Montpellier 2022-2023 France Romain Pitau
5%
Bastia 2017 Portugal Rui Almeida
5%
Metz 2019-2020 France Vincent Hognon
5%
Metz 2014-2015 France Albert Cartier
2%
Valenciennes 2011-2013 France Daniel Sanchez
2%
Dijon 2020-2021 France David Linarès
2%
Toulouse 2020 France Denis Zanko
2%
Sochaux 2012-2013 France Eric Hély
2%
Toulouse 2018 France Michaël Debève
2%
Troyes 2016 France/Algérie Mohamed Bradja/Michel Padovani/Olivier Tingry
2%
Reims 2015-2016 France Olivier Guégan
2%
Reims 2024 Mali Samba Diawara
2%
Reims 2025 Mali Samba Diawara
2%
Valenciennes 2013-2014 Belgique Ariël Jacobs
0%
AC Ajaccio 2013-2014 France Christian Bracconi
0%
Troyes 2015-2016 France Claude Robin
0%
Montpellier 2015-2016 France Pascal Baills/Bruno Martini
0%
Nîmes 2021 France Pascal Plancque
0%
Nancy 2013 France Patrick Gabriel
0%
Nice 2011-2012 France René Marsiglia
0%
Dijon 2019-2020 France Stéphane Jobard
0%
Aucun quiz correspondant
Distribution des résultats
% des personnes avec chaque résultat
Percentile par nombre de réponses
Votre historique - résultats
Vous n’avez pas pris ce quiz depuis la dernière actualisation